000 00779nam a22002415i 4500
001 178017
003 ES-MaACL
005 20230906220452.0
008 110512s1964 sp f |||| | spa d
080 _a821.14'02
100 1 _aAlsina Clota, José.
_920486
245 1 3 _aLa literatura griega clásica /
_cJosé Alsina.
250 _a1ª ed.
260 _aBarcelona :
_bCredsa,
_c1964.
300 _a211, [16] p. de lám. ;
_c18 cm.
490 1 _aPanoramas A-Z. La universidad en su mano ;
_v30
500 _aÍndices.
504 _aBibliografía: p. 201-202.
650 0 0 _aLiteratura griega-
_xHistoria y crítica.
_914599
830 1 _aPanoramas A-Z. La universidad en su mano ;
_v30
_9190680
852 _aES-MaACL
_jE-15083
_xOlim P-269-bis
999 _c178017
_d178017